zpět

Detail výsledku týmu

Mama Shelter - Holešovice, Praha

Datum a čas kvízu

27 Celkem bodů Celkový počet nahraných bodů na tomto kvízu bez doplňovacích otázek.
8. Pořadí na kvízu Konečné umístění týmu na tomto kvízu.

Zaznamenané odpovědi

# Otázka Odpověď Body Výsledky
1. Ministr práce a sociálních věc... o 1 600 Kč 1
2. V pátek mnoha médii proběhla z... z Vietnamu 0
3. Česká televize prozradila jmén... Marek Eben 0
4. Ve středu pravomocně zrušil Mě... proti dopravním přestupkům 1
5. Celkem kolik bodů si připsaly... 9 bodů 0
6. Když české divadlo, tak hned n... 1881, 1883 0
7. V roce 1787 měla v Praze premi... Nosticovo divadlo 0
8. V 80. letech minulého století... Jaromír Hanzlík, Cyrano z Bergeracu 0
9. V této otázce po vás budeme ch... 1A 2C 3D 4B 0
10. Jedním z nejslavnějších divade... Truffaldino 0